Borough Quiz - Staten Island - Statistics

General Stats
  • This quiz has been taken 80 times
  • The average score is 9 of 17
Answer Stats
Hint Answer % Correct
You can reach Staten Island from Manhattan using an orange ___ Ferry
90%
Staten Island has four courses for this sport Golf
79%
Staten Island is the least ___ borough of New York City Populous
70%
Nickname of Staten Island The {Forgotten} Borough
67%
This group of hip-hop musicians gave Staten Island the name "Shaolin" Wu-Tang Clan
65%
What is the name of the bridge connecting Staten Island to Brooklyn? Varrazzano-Narrows Bridge
62%
Which county is Staten Island coextensive with? {Richmond} County
60%
Which is the southernmost neighbourhood of Staten Island? {Totten}ville
56%
Which President has a boardwalk named in his honor? Franklin D. Roosevelt
52%
Which city lies to the north of Staten Island? Bayonne
48%
What is the name of the northernmost SIR station? St. George Terminal
44%
Which Native American tribe inhabited Staten Island prior to European contact? Lenape / Delaware
40%
Which mayor of New York City dropped him, which allegedly killed him? Bill de Blasio
37%
Which unusual word is used for the tidal straits adjacent to Staten Island? Kill
37%
Retail complex near that station; opened in 2019 Empire Outlets
32%
What is the name of the official groundhog weather forecaster? Chuck
19%
What is the 9/11 memorial on Staten Island called? Postcards
17%
No matching quizzes found
Score Distribution
Percent of People with Each Score
Percentile by Number Answered
Your Score History
You have not taken this quiz